North Dakota or South Dakota - Statistics

General Stats
  • This quiz has been taken 13 times
  • The average score is 13 of 15
Answer Stats
Question Answer % Correct
Fargo North Dakota
100%
Borders Canada North Dakota
100%
Pierre South Dakota
100%
Mount Rushmore South Dakota
100%
Borders Nebraska South Dakota
100%
Borders Montana Both
91%
Borders Minnesota Both
91%
Bismarck North Dakota
91%
Fort Mandan North Dakota
91%
Rapid City South Dakota
91%
Black Hills South Dakota
91%
Missouri River Both
73%
Sioux Falls South Dakota
73%
Borders Wyoming South Dakota
64%
Badlands Both
55%
No matching quizzes found
Score Distribution
Percent of People with Each Score
Percentile by Number Answered
Your Score History
You have not taken this quiz